25 Films par Citations #3 - Statistiques

Statistiques générales
  • Ce quiz a été pris 185 fois
  • Le résultat moyen est 13 sur 25
Statistiques - réponses
Hint Réponse % Correct
"__ téléphone maison." E.T. l'extra-terrestre
94%
"I'm just Ken." Barbie
92%
"Il en faut peu pour être heureux, vraiment très peu pour être heureux." Le Livre de la Jungle
88%
"Wakanda forever!" Black Panther
82%
“Quand 900 ans comme moi tu auras, moins en forme tu seras. ” Star Wars
80%
"Pas de bras, pas de chocolats." Intouchables
77%
"- Vous avez passé trois jours sur une plage à boire du Rhum ? - Bienvenu aux caraïbes mon ange !" Pirates des Caraïbes
72%
"Vodka Martini. Au shaker, pas à la cuillère" James Bond
68%
"- Stark, nous avons besoin d’un plan d’attaque. - J’ai un plan… on attaque." The Avengers
66%
"Ce message s’autodétruira dans cinq secondes." Mission Impossible
63%
"Je peux t’offrir un monde, aux mille et une splendeurs..." Aladdin
60%
"J'envoie ce message à tous les Autobots encore en vie qui ont trouvé refuge dans l'univers. Nous sommes ici, nous vous attendons." Transformers
54%
"Le rêve semble réel quand on y est, ce n’est que quand on se réveille qu’on se rend compte qu’il avait quelque chose d’étrange…" Inception
51%
"Je suis Diana de Themyscira, princesse des Amazones." Wonder Woman
51%
"La quantité me parait acceptable c’était nikel les p’tits gars. Qui a dit que les pingouins savaient pas voler ?" Madagascar
50%
"Je suis ______ de Motunui. Tu monteras sur mon bateau, tu traverseras l’océan, et tu remettras le cœur de Te Fiti." Vaiana
48%
"Dans la jungle tu attendras, un 5 ou un 8 te délivreras." Jumanji
47%
"Skadoosh!" Kung Fu Panda
26%
"Tu as vendu un carboniseur azimuté réverbérant à capacité accrue à un clandestin céphalopoïde, Jeebs. Espèce de trouduc !" Men in Black
25%
"Ce soir, branlette." Deadpool
23%
"La joie et la tristesse peuvent coexister" Vice-Versa
22%
"Aziz, lumière !" Le Cinquième Élément
17%
"César est chez lui." La Planète des Singes
16%
"La vie c'est comme ça tout le temps ? Ou c'est seulement quand on est petit ?" Léon
8%
"Maintenant, le monde entier saura que c’est en me grattant les couilles que vous êtes mort." Casino Royale
4%
Aucun quiz correspondant
Distribution des résultats
% des personnes avec chaque résultat
Percentile par nombre de réponses
Votre historique - résultats
Vous n’avez pas pris ce quiz